Normal view
MARC view
Entry Personal Name
001 - CONTROL NUMBER
- control field: 25435
003 - CONTROL NUMBER IDENTIFIER
- control field: ARRUPE
005 - DATE AND TIME OF LATEST TRANSACTION
- control field: 20160824112433.0
008 - FIXED-LENGTH DATA ELEMENTS
- fixed length control field: 160824|| aca||aabn | a|a d
040 ## - CATALOGING SOURCE
- Original cataloging agency: ARRUPE
- Transcribing agency: ARRUPE
100 ## - HEADING--PERSONAL NAME
- Personal name: Studer, Basil,
- Dates associated with a name: 1925-
670 ## - SOURCE DATA FOUND
- Source citation: Work cat.: (ARRUPE)0: Studer, Basil, 1925-, The grace of Christ and the grace of God in Augustine of Hippo :, c1997.